UNIX power tools

Guardat en:
Dades bibliogràfiques
Autor principal: Jerry Peek
Format: Llibre
Idioma:Undetermined
Publicat: Cambridge, Massachusetts O'Reilly 1993
Matèries:
Etiquetes: Afegir etiqueta
Sense etiquetes, Sigues el primer a etiquetar aquest registre!
Thư viện lưu trữ: Trung tâm Học liệu Trường Đại học Cần Thơ
LEADER 00551nam a2200181Ia 4500
001 CTU_43288
008 210402s9999 xx 000 0 und d
082 |a 005.282 
082 |b P374 
100 |a Jerry Peek 
245 0 |a UNIX power tools 
245 0 |c Jerry Peek, Mike Loukides, Tim O'Reilly 
260 |a Cambridge, Massachusetts 
260 |b O'Reilly 
260 |c 1993 
650 |a Computer networks,Operating systems ( computers ),Unix ( computer files ) 
904 |i Minh, 010904 
980 |a Trung tâm Học liệu Trường Đại học Cần Thơ